|
|
|
|
| LEADER |
01181ppm a22002538a 4500 |
| 001 |
00042180 |
| 005 |
20180821140849.0 |
| 008 |
151112s2015 ||||||viesd |
| 041 |
0 |
# |
|a vie
|
| 082 |
1 |
4 |
|b PH110TR
|a 373.11
|
| 100 |
1 |
# |
|a Lê, Quang Vịnh
|
| 245 |
0 |
0 |
|a Phát triển đội ngũ giáo viên THCS của huyện Kiên Lương, tỉnh Kiên Giang đáp ứng yêu cầu đổi mới giáo dục
|b Luận văn thạc sĩ khoa học giáo dục. Chuyên ngành: Quản lý giáo dục. Mã số: 8.14.01.14
|c Lê Quang Vịnh; Phan Trọng Nam (hướng dẫn)
|
| 260 |
# |
# |
|a Đồng Tháp
|b Đại học Đồng Tháp
|c 2018
|
| 300 |
# |
# |
|a 127 tr. +phụ lục
|c 30 cm.
|e 1 bản tóm tắt
|
| 500 |
# |
# |
|a ĐTTS ghi: Bộ giáo dục và đào tạo. Trường Đại học Đồng Tháp
|
| 653 |
# |
# |
|a Giáo viên
|
| 653 |
# |
# |
|a Đổi mới
|
| 653 |
# |
# |
|a THCS
|
| 653 |
# |
# |
|a Giáo dục
|
| 653 |
# |
# |
|a Luận văn
|
| 700 |
1 |
# |
|a Phan, Trọng Nam
|e Hướng dẫn
|
| 852 |
# |
# |
|j LV.0002364
|
| 910 |
|
|
|d 21/08/2018
|
| 980 |
# |
# |
|a Trung tâm Học liệu Lê Vũ Hùng, Trường Đại học Đồng Tháp
|